000 00692cam a2200241 4500500
005 20260329005603.0
041 _afre
042 _adc
100 1 0 _aChabot, Pascal
_eauthor
245 0 0 _aL’IA va-t-elle rendre le langage payant ?
260 _c2024.
500 _a40
690 _aChatGPT
690 _aÉcriture
690 _aGratuité
690 _aHistoire
690 _aIntelligence Artificielle
690 _aLangage
690 _aPascal Chabot
690 _aValeur
786 0 _nPhilosophie magazine | 178 | 4 | 2024-04-01 | p. 13-13 | 1951-1787
856 4 1 _uhttps://shs.cairn.info/magazine-philosophie-magazine-2024-4-page-13?lang=fr&redirect-ssocas=7080
999 _c1844763
_d1844763